| 000 | 00550nam a2200205Ia 4500 | ||
|---|---|---|---|
| 003 | OSt | ||
| 005 | 20260226152558.0 | ||
| 008 | 210210b1959 xxu||||| |||| 00| 0 eng d | ||
| 040 | _cAL | ||
| 041 | _aHindi | ||
| 082 | _a861/55 | ||
| 100 |
_aGUPTA (Maithilisharan) _dगुप्त (मैथिलीशरण) _9256861 |
||
| 245 |
_aJai bharat _b जय भारत |
||
| 260 |
_aChirganv _bSahity Sadhan _c1959 |
||
| 650 |
_aJai _9256862 |
||
| 650 |
_abhArat _9256863 |
||
| 690 |
_aHindi Poetry _9256864 |
||
| 906 | _a023076 | ||
| 942 |
_2ddc _cBK |
||
| 999 |
_c147964 _d147964 |
||